banner-ar

INTERNATIONAL MODERN PLAYS / (Record no. 11878)

MARC details
000 -الفاتح
حقل البيانات ثابتة الطول 00521nam a2200205Ia 4500
008 - عناصر البيانات ثابتة الطول - معلومات عامة
حقل البيانات ثابتة الطول 140319s9999 xx 000 0 eng d
040 ## - مصدر الفهرسة
وكالة الفهرسة الأصلية GCL /
وكالة النسخ GCL
082 04 - رقم تصنيف ديوى العشرى
رقم التصنيف 808.2
رقم المادة S I
100 1# - المدخل الرئيسى - إسم شخصى
الإسم الشخصى COCTEAU, JEAN
245 10 - بيان العنوان
العنوان INTERNATIONAL MODERN PLAYS /
بيان المسئوليه,etc COCTEAU, JEAN
700 1# - المدخل الاضافى - اسم شخصى
الإسم الشخصى STRINDBERG, AUGUST
700 1# - المدخل الاضافى - اسم شخصى
الإسم الشخصى HAUPTMANN, GERHART
260 ## - PUBLICATION, DISTRIBUTION, ETC. (IMPRINT)
تاريخ النشر أو التوزيع 1961
300 ## - الوصف المادى
التعداد 304 P
650 04 - المدخل الاضافى بالموضوع-مصطلح موضوعى
مصطلح موضوعي THEATER
650 04 - المدخل الاضافى بالموضوع-مصطلح موضوعى
مصطلح موضوعي DRAMA
650 04 - المدخل الاضافى بالموضوع-مصطلح موضوعى
مصطلح موضوعي EUROPEAN THEATRE
942 ## - عناصر المدخل الإضافي( كوها)
مصدر التصنيف او مخطط الترفيف Dewey Decimal Classification
Koha [default] item type كتاب
260 ## - PUBLICATION, DISTRIBUTION, ETC. (IMPRINT)
-- [S.N] :
-- J.M DENT & SONS LTD ،
Holdings
حالة التراجع حالة الفقد حالة تلف ليس للاعارة المكان المؤقت الموقع الحالى تاريخ الاكتساب اجمالي اﻻعارات رقم الطلب الباركود تاريخ اخر مشاهدة تاريخ تفعيل السعر نوع وعاء كوها
        مكتبة القاهرة الكبرى مكتبة القاهرة الكبرى 03/26/2014   808.2\S I 23337 03/26/2014 03/26/2014 كتاب

Powered By

EGPV